Normal view MARC view
  • Llansana Marcé, Jaume,

Entry Nombre Personal

Number of records used in: 1

001 - NUMERO DE CONTROL

  • campo de control: 43559

003 - IDENTIFICADOR DE NUMERO DE CONTROL

  • campo de control: UPN

005 - FECHA Y HORA DE LA ÜLTIMA TRANSACCIÓN

  • campo de control: 20220118171153.0

008 - DATOS DE LONGITUD FIJA

  • campo de control de longitud fija: 220118|g aca||aabn | aaa d

040 ## - FUENTE DE CATALOGACIÓN

  • Agencia original de catalogación: UPN

100 1# - ENCABEZAMIENTO - NOMBRE PERSONAL

  • Nombre personal: Llansana Marcé, Jaume,
  • Fechas asociadas con el nombre: 1947-

670 ## - FUENTE EN LA QUE SE LOCALIZARON DATOS

  • Cita de la fuente: T
  • Información localizada: http://www.worldcat.org/identities/viaf-87690929/

902 ## - CATALOGADOR

  • Catalogador: CAA/180122